Energy and problems of a technical society (Record no. 569431)

000 -LEADER
fixed length control field 01002nam a22001817a 4500
003 - CONTROL NUMBER IDENTIFIER
control field CEME
005 - DATE AND TIME OF LATEST TRANSACTION
control field 20210628202338.0
008 - FIXED-LENGTH DATA ELEMENTS--GENERAL INFORMATION
fixed length control field 210302b xxu||||| |||| 00| 0 eng d
020 ## - INTERNATIONAL STANDARD BOOK NUMBER
International Standard Book Number 0-471-57310-8
040 ## - CATALOGING SOURCE
Transcribing agency .
082 ## - DEWEY DECIMAL CLASSIFICATION NUMBER
Classification number 333.79 KRA
100 ## - MAIN ENTRY--PERSONAL NAME
Personal name Ristinen, Robert.A Kraushaar, Jack.J
9 (RLIN) 59453
245 ## - TITLE STATEMENT
Title Energy and problems of a technical society
250 ## - EDITION STATEMENT
Edition statement 2ND
260 ## - PUBLICATION, DISTRIBUTION, ETC.
Place of publication, distribution, etc. NEW YORK
Name of publisher, distributor, etc. JOHN WILEY
Date of publication, distribution, etc. 1993
650 ## - SUBJECT ADDED ENTRY--TOPICAL TERM
Topical term or geographic name entry element POWER RESOURCES; POWER MECHANICS; ENERGY FROM FOSSIL FUELS; NUCLEAR ENERGY; SOLAR ENERGY-USE; ALTERNATIVE SOURCES OF ENERGY; HYDROELECTRIC POWER; WIND POWER; OCEAN THERMAL ENERGY; GEOTHERMAL ENERGY; TIDAL ENERGY; ENERGY STORAGE; ENERGY CONSERVATION; PLANT AND FOOD PRODUCTION; RADIATION AND MAN; TRANSPORTATION; POLLUTION OF ATMOSPHERE; WATER AND ITS POLLUTION; NOISE; NUCLEAR WEAPONS; FISSION WEAPONS; HYDROGEN BOMB; NUCLEAR WEAPONS EFFECTS; WEAPONS INVENTORY; WEAPONS DELIVERY SYSTEMS; NUCLEAR WEAPONS IN THE WORLD
9 (RLIN) 59454
942 ## - ADDED ENTRY ELEMENTS (KOHA)
Koha item type Book
Source of classification or shelving scheme
Holdings
Withdrawn status Lost status Damaged status Not for loan Permanent Location Current Location Shelving location Date acquired Total Checkouts Full call number Barcode Date last seen Price effective from Koha item type
        College of Electrical & Mechanical Engineering (CEME) College of Electrical & Mechanical Engineering (CEME) General Stacks 07/18/2017   333.79 KRA CEME-35912 06/28/2021 06/28/2021 Book
© 2023 Central Library, National University of Sciences and Technology. All Rights Reserved.